Statistics for Who Did That Multi-Platinum Album - 1990's?

Click here to take the quiz!

General Stats

  • This quiz has been taken 322 times
    (209 since last reset)
  • The average score is 9 of 20

Answer Stats

Album TitleYearMusical Act% Correct
Nevermind1991Nirvana
96%
...Baby One More Time1999Britney Spears
93%
The Bodyguard1992Whitney Houston
87%
Jagged Little Pill1995Alanis Morissette
80%
--------- (The Black Album)1991Metallica
76%
Ten1991Pearl Jam
75%
Please ------, Don't Hurt 'Em1990MC Hammer
55%
Come On Over1997Shania Twain
38%
Supernatural1999Santana
38%
No Fences1990Garth Brooks
35%
Human Clay1999Creed
34%
Cracked Rear View1994Hootie & The Blowfish
33%
Millennium1999Backstreet Boys
32%
Wide Open Spaces1998Dixie Chicks
31%
Devil Without A Cause1998Kid Rock
28%
*-----1998'N Sync
24%
Falling Into You1996Celine Dion
15%
Let's Talk About Love1997Celine Dion
13%
---------- ----1997Backstreet Boys
10%
Breathless1992Kenny G
6%

Score Distribution

Percentile by Number Answered

Percent of People with Each Score

Your Score History

You have not taken this quiz since the last reset